000 00377nam a2200145Ia 4500
008 090122s9999 xx 000 0 und d
082 _b4169
_a891.463
100 _aशिरवळकर
_bसुहास
245 _aसंशय
600 _aशिरवळकर
630 _aसंशय
700 _aशिरवळकर
730 _aसंशय
942 _cBOOK
999 _c28247
_d28247